000
00353nam a2200145Ia 4500
005
20251218183859.0
008
251218s9999 xx 000 0 und d
020
_a
8447315258
082
_a
364.154.098/G23
100
_a
García Márquez, Gabriel
245
0
_a
Noticia de un Secuestro
250
_a
1ra.ed.
264
_b
EBD Editores,S.A.
942
_c
LIB
999
_c
52
_d
52